000
00451nam a2200145Ia 4500
008
100204s9999 xx 000 0 und d
082
_b
20105
100
_a
पोखरकर प्रशांत
245
_a
ब्लॅक टायगर
260
_b
"पुष्प प्रकाशन , पुणे"
300
_a
188
630
_a
ब्लॅक टायगर
730
_a
ब्लॅक टायगर
942
_c
BOOK
999
_c
464527
_d
464524